000 00364nam a2200145 i 4500
001 bg
245 0 _aEkonomika i programowanie rozwoju przemysłu /
_cpod red.J. Gajdy.
260 _aWarszawa,
_c1982.
700 1 _aGajda, Józef.
_eRed.
040 _cBPK
041 _apol
080 _a338.45(075.8)
942 _cKS
008 s pl f |000 0 pol
999 _c20746
_d20746
856 _uhttp://koha.tu.koszalin.pl/cgi-bin/koha/opac-detail.pl?biblionumber=20746
_yKatalog online BPK